[Event "XXXI Torneo B di Capodanno"]
[Site "Reggio nell'Emilia ITA"]
[Date "1988.12.27"]
[Round "1"]
[White "Anceschi, Vittorio"]
[Black "Landenbergue, Claude"]
[Result "1/2-1/2"]
[WhiteElo "2295"]
[BlackElo "2325"]
[PlyCount "76"]
[EventDate "1988.12.27"]

1. e4 Nf6 2. Nc3 d5 3. e5 Nfd7 4. f4 e6 5. Nf3 c5 6. Bb5 Nc6 7. O-O Be7 8. d3
Qb6 9. Kh1 O-O 10. a4 Qc7 11. Bxc6 Qxc6 12. Qe1 b6 13. Qg3 Bb7 14. Bd2 a6 15.
Qh3 f5 16. d4 Qc8 17. Ne2 Qe8 18. c3 a5 19. Rf2 Qg6 20. Ne1 Qg4 21. Qxg4 fxg4
22. h3 gxh3 23. g4 Bh4 24. Rf3 Ba6 25. Ng3 Rab8 26. Kh2 g6 27. Kxh3 Bxg3 28.
Kxg3 Bc4 29. Ng2 b5 30. Bc1 bxa4 31. Rxa4 Rb5 32. f5 cxd4 33. cxd4 gxf5 34.
gxf5 Rxf5 35. Rxf5 exf5 36. Kf4 Nf8 37. Kxf5 Bd3+ 38. Kg5 Kf7 1/2-1/2

[Event "XXXI Torneo B di Capodanno"]
[Site "Reggio nell'Emilia ITA"]
[Date "1988.12.27"]
[Round "1"]
[White "Bukal, Vladimir sr"]
[Black "Weindl, Alfred"]
[Result "1-0"]
[WhiteElo "2380"]
[BlackElo "2420"]
[PlyCount "95"]
[EventDate "1988.12.27"]

1. c4 Nf6 2. g3 g6 3. Bg2 Bg7 4. Nc3 O-O 5. Nf3 d6 6. d4 Nbd7 7. O-O e5 8. e4
a6 9. Re1 c6 10. h3 Re8 11. Be3 b5 12. Qc2 Bb7 13. dxe5 dxe5 14. c5 a5 15. a4
b4 16. Ne2 Qc7 17. Nc1 Nf8 18. Nd2 Ne6 19. Ncb3 Nd7 20. Rad1 Bf8 21. h4 Ba6 22.
Bf1 Bxf1 23. Rxf1 h5 24. Kg2 Red8 25. Nf3 Be7 26. Ng5 Nxg5 27. hxg5 Nf8 28. f4
Rxd1 29. Qxd1 Rd8 30. Qe2 exf4 31. gxf4 Ne6 32. f5 h4 33. Qg4 gxf5 34. exf5 Qe5
35. fxe6 Qxe3 36. exf7+ Kg7 37. Qxh4 Bxg5 38. Qg4 Kf8 39. Qf3 Qe5 40. Rf2 Bh4
41. Qg4 Qd5+ 42. Rf3 Bg5 43. Nxa5 Qxc5 44. Nb3 Qc2+ 45. Kg3 Rd6 46. Nd4 Qh7 47.
Ne6+ Rxe6 48. Qxe6 1-0

[Event "XXXI Torneo B di Capodanno"]
[Site "Reggio nell'Emilia ITA"]
[Date "1988.12.27"]
[Round "1"]
[White "Crisan, Alexandru"]
[Black "Turci, Stefano"]
[Result "1/2-1/2"]
[WhiteElo "2305"]
[BlackElo "2225"]
[PlyCount "51"]
[EventDate "1988.12.27"]

1. d4 d5 2. c4 c6 3. Nc3 e5 4. cxd5 cxd5 5. dxe5 d4 6. Ne4 Qa5+ 7. Nd2 Nc6 8.
Ngf3 Bg4 9. Qb3 O-O-O 10. a3 d3 11. Qc3 Qxc3 12. bxc3 dxe2 13. Bxe2 Nge7 14.
Nc4 Ng6 15. Be3 Be7 16. h3 Bxf3 17. gxf3 Ngxe5 18. Nxe5 Nxe5 19. Bxa7 Nd3+ 20.
Bxd3 Rxd3 21. Bd4 Rxf3 22. Ke2 Rf5 23. Rhg1 Re8 24. Kf1 g6 25. Re1 Kd7 26. a4
1/2-1/2

[Event "XXXI Torneo B di Capodanno"]
[Site "Reggio nell'Emilia ITA"]
[Date "1988.12.27"]
[Round "1"]
[White "Paoli, Enrico"]
[Black "Caposciutti, Maurizio"]
[Result "1-0"]
[WhiteElo "2220"]
[BlackElo "2270"]
[PlyCount "81"]
[EventDate "1988.12.27"]

1. e4 c5 2. Nf3 Nc6 3. d4 cxd4 4. Nxd4 Nf6 5. Nc3 d6 6. Bc4 Qb6 7. Nb3 e6 8.
O-O Be7 9. Be3 Qc7 10. Be2 O-O 11. f4 a6 12. Bf3 b5 13. a3 Bb7 14. Qe2 Rac8 15.
Rad1 Rfe8 16. Rd2 Bf8 17. Rfd1 e5 18. f5 Nb8 19. Qf2 Nbd7 20. g4 h6 21. h4 d5
22. exd5 e4 23. Be2 Ne5 24. d6 Qd7 25. Qg3 h5 26. g5 Nfg4 27. Bxg4 hxg4 28. Nc5
Rxc5 29. Bxc5 Nf3+ 30. Kf1 Qxf5 31. Rd5 Bxd5 32. Rxd5 Qd7 33. Qf4 Nxh4 34. Nxe4
Ng6 35. Qf5 Qc6 36. d7 Rd8 37. Bxf8 Nxf8 38. Nc5 Ne6 39. g6 Rf8 40. Nxe6 Qxe6
41. gxf7+ 1-0

[Event "XXXI Torneo B di Capodanno"]
[Site "Reggio nell'Emilia ITA"]
[Date "1988.12.28"]
[Round "2"]
[White "Turci, Stefano"]
[Black "Anceschi, Vittorio"]
[Result "0-1"]
[WhiteElo "2225"]
[BlackElo "2295"]
[PlyCount "74"]
[EventDate "1988.12.27"]

1. e4 c5 2. Nf3 g6 3. d4 Bg7 4. d5 d6 5. Nc3 Bg4 6. Be2 Nd7 7. O-O Ngf6 8. Re1
O-O 9. h3 Bxf3 10. Bxf3 Qa5 11. a4 Rfe8 12. Bf4 Ne5 13. Be2 Qb4 14. Bf1 a6 15.
a5 b5 16. Nxb5 axb5 17. Bd2 Qxb2 18. Rb1 Qd4 19. c3 Qa4 20. Bxb5 Qxd1 21. Rbxd1
Rxa5 22. Bxe8 Nxe8 23. Ra1 Rxa1 24. Rxa1 Nc4 25. Be1 f5 26. f3 fxe4 27. fxe4
Kf7 28. Kf2 Nf6 29. Ke2 Ne5 30. Ra4 c4 31. Ke3 Bh6+ 32. Kd4 Bf4 33. Bf2 Nfd7
34. Ra5 Nc5 35. Rxc5 dxc5+ 36. Kxc5 Nd3+ 37. Kxc4 Nxf2 0-1

[Event "XXXI Torneo B di Capodanno"]
[Site "Reggio nell'Emilia ITA"]
[Date "1988.12.28"]
[Round "2"]
[White "Weindl, Alfred"]
[Black "Pantaleoni, Claudio"]
[Result "0-1"]
[WhiteElo "2420"]
[BlackElo "2255"]
[PlyCount "120"]
[EventDate "1988.12.27"]

1. Nf3 Nf6 2. g3 d5 3. Bg2 c6 4. O-O Bg4 5. c4 Nbd7 6. cxd5 cxd5 7. Qb3 Qb6 8.
Qxb6 Nxb6 9. d3 Bxf3 10. Bxf3 e6 11. Be3 Nbd7 12. Rc1 Bd6 13. Nc3 a6 14. Rc2
Ne5 15. Bg2 Nc6 16. Na4 Nd7 17. a3 O-O 18. Rac1 h6 19. b4 Rfd8 20. f4 Ne7 21.
Nb6 Nxb6 22. Bxb6 Rdc8 23. e4 Rxc2 24. Rxc2 Rc8 25. Rxc8+ Nxc8 26. Bc5 dxe4 27.
Bxe4 b6 28. Bd4 a5 29. bxa5 bxa5 30. a4 Bc7 31. Bc5 Nb6 32. Bc6 f6 33. Kf2 Kf7
34. Ke3 g5 35. fxg5 hxg5 36. Kf3 f5 37. h3 Kf6 38. Be3 Nc8 39. h4 g4+ 40. Kg2
Ne7 41. Be8 f4 42. Bxf4 Bxf4 43. gxf4 Nd5 44. Kg3 Kf5 45. Bc6 Nc3 46. Be4+ Kf6
47. Kxg4 Nxa4 48. Kf3 Nc5 49. Ke3 Kg7 50. Kd4 Nd7 51. Kc4 Kh6 52. Bc6 Nf8 53.
Be8 Kg7 54. Kb5 Kf6 55. Kxa5 Kf5 56. h5 Kxf4 57. h6 Ke3 58. Bg6 Nxg6 59. h7
Kxd3 60. Kb5 e5 0-1

[Event "XXXI Torneo B di Capodanno"]
[Site "Reggio nell'Emilia ITA"]
[Date "1988.12.29"]
[Round "3"]
[White "Anceschi, Vittorio"]
[Black "Caposciutti, Maurizio"]
[Result "0-1"]
[WhiteElo "2295"]
[BlackElo "2270"]
[PlyCount "94"]
[EventDate "1988.12.27"]

1. e4 d5 2. exd5 Qxd5 3. Nc3 Qa5 4. d4 Nf6 5. Nf3 Bg4 6. h3 Bh5 7. g4 Bg6 8.
Ne5 e6 9. Nc4 Qa6 10. Bf4 Qc6 11. Nd6+ Bxd6 12. Bb5 Bxf4 13. Qf3 Bd6 14. Bxc6+
Nxc6 15. O-O-O O-O-O 16. Rhe1 Bb4 17. a3 Ba5 18. h4 h5 19. g5 Nd5 20. Re2 Bf5
21. Nxd5 Rxd5 22. Qf4 Bb6 23. c3 Bg4 24. Qe4 Bxe2 25. Qxe2 Ne7 26. b4 c6 27.
Rd3 g6 28. Rf3 Nf5 29. Qe4 Rhd8 30. Kb2 Bc7 31. Kb3 Kb8 32. Ka2 a6 33. Kb3 R8d7
34. Kb2 Rd8 35. Qe2 e5 36. Rxf5 gxf5 37. Qxh5 exd4 38. cxd4 R8d7 39. Qh8+ Ka7
40. h5 Bb6 41. Qe8 Bxd4+ 42. Kc2 Bxf2 43. h6 Rd2+ 44. Kc1 Rd1+ 45. Kc2 R7d2+
46. Kb3 Rd3+ 47. Kc2 R1d2+ 0-1

[Event "XXXI Torneo B di Capodanno"]
[Site "Reggio nell'Emilia ITA"]
[Date "1988.12.29"]
[Round "3"]
[White "Crisan, Alexandru"]
[Black "Bukal, Vladimir sr"]
[Result "0-1"]
[WhiteElo "2305"]
[BlackElo "2380"]
[PlyCount "126"]
[EventDate "1988.12.27"]

1. e4 e6 2. d4 d5 3. Nc3 Bb4 4. e5 c5 5. Qg4 Ne7 6. dxc5 Nbc6 7. a3 Bxc3+ 8.
bxc3 O-O 9. f4 Qa5 10. Bd2 Qxc5 11. Bd3 f6 12. exf6 Rxf6 13. Qh5 h6 14. Qe8+
Rf8 15. Bh7+ Kxh7 16. Qxf8 Rb8 17. Nf3 b6 18. Qf7 Nf5 19. h4 Qe7 20. Qxe7 Ncxe7
21. Kf2 Nd6 22. g4 Ne4+ 23. Ke3 Bb7 24. Nd4 Re8 25. Rh2 Nc8 26. Nf3 Ncd6 27.
Ne5 Rc8 28. c4 Nxc4+ 29. Nxc4 Rxc4 30. Be1 Nf6 31. Kf3 d4+ 32. Kg3 h5 33. g5
Ne4+ 34. Kh3 Nd6 35. Bb4 Nf5 36. Rf2 Ne3 37. Re1 Nxc2 38. g6+ Kxg6 39. Rxe6+
Kh7 40. Re7 Bc8+ 41. f5 Ne3 42. Rxa7 Nxf5 43. Ra8 Ne3+ 44. Kg3 d3 45. Rf8 Nf5+
46. Kf2 Rc2+ 47. Ke1 Re2+ 48. Kd1 Ne3+ 49. Kc1 Rc2+ 50. Kb1 Be6 51. Rad8 Ba2+
52. Ka1 Nd5 53. Rf3 d2 54. Rd3 Rc1+ 55. Kxa2 d1=Q 56. Rxd1 Rxd1 57. Kb3 Rd3+
58. Kc4 Nxb4 59. Rxd3 Nxd3 60. Kxd3 g5 61. hxg5 Kg6 62. Ke3 Kxg5 63. a4 Kf5 0-1

[Event "XXXI Torneo B di Capodanno"]
[Site "Reggio nell'Emilia ITA"]
[Date "1988.12.29"]
[Round "3"]
[White "Pantaleoni, Claudio"]
[Black "Valenti, Giuseppe"]
[Result "1/2-1/2"]
[WhiteElo "2255"]
[BlackElo "2240"]
[PlyCount "68"]
[EventDate "1988.12.27"]

1. c4 Nf6 2. g3 g6 3. Bg2 Bg7 4. Nc3 O-O 5. e4 d6 6. Nge2 e5 7. O-O Be6 8. d3
Qd7 9. f4 Bh3 10. f5 Bxg2 11. Kxg2 c6 12. h3 d5 13. g4 h6 14. Ng3 dxc4 15. dxc4
Qxd1 16. Rxd1 Na6 17. Be3 Rfd8 18. a3 Ne8 19. Nf1 Nd6 20. b3 Bf8 21. Rd2 Kg7
22. Rad1 b6 23. fxg6 fxg6 24. Bf2 Be7 25. Bg3 Nf7 26. Rd7 Kf8 27. b4 Rxd7 28.
Rxd7 Ke8 29. Rd3 Nd6 30. Nd2 Nf7 31. Nf3 Bf6 32. Bh4 Bg7 33. Bg3 Rd8 34. Rxd8+
Kxd8 1/2-1/2

[Event "XXXI Torneo B di Capodanno"]
[Site "Reggio nell'Emilia ITA"]
[Date "1988.12.29"]
[Round "3"]
[White "Paoli, Enrico"]
[Black "Weindl, Alfred"]
[Result "1/2-1/2"]
[WhiteElo "2220"]
[BlackElo "2420"]
[PlyCount "135"]
[EventDate "1988.12.27"]

1. e4 c5 2. Nf3 Nc6 3. d4 cxd4 4. Nxd4 Nf6 5. Nc3 d6 6. Be2 e6 7. O-O Be7 8.
Be3 O-O 9. Kh1 Bd7 10. f4 Nxd4 11. Qxd4 Bc6 12. Bf3 Qc7 13. Rad1 Rfd8 14. Qc4
Rac8 15. Qb3 b6 16. f5 e5 17. Bg5 Ne8 18. Bc1 Bf8 19. g4 Bb7 20. Rf2 Qc5 21.
Rg2 Qc4 22. g5 Rd7 23. Be3 Rdc7 24. Rgd2 Ba8 25. Kg1 Kh8 26. Bf2 f6 27. h4 g6
28. Be2 Qc6 29. fxg6 fxg5 30. hxg5 Rg7 31. Bb5 Qb7 32. Bxe8 Rxe8 33. Be3 Qd7
34. Rg2 Qh3 35. Nd5 Bxd5 36. Rxd5 Rxg6 37. Rd3 Qh4 38. Qf7 Rd8 39. Rh2 Qe1+ 40.
Qf1 Qxf1+ 41. Kxf1 Be7 42. Rg2 Rf8+ 43. Ke2 Rc8 44. Rc3 Rxc3 45. bxc3 Rg8 46.
Rg1 Rc8 47. Kd3 Kg7 48. c4 Rc7 49. Rh1 Bf8 50. a4 Kg6 51. a5 bxa5 52. Ra1 Be7
53. Rxa5 Bxg5 54. Rxa7 Rxa7 55. Bxa7 Be7 56. Ke3 Kf7 57. Kf3 h5 58. Bf2 Ke6 59.
Bg3 Bf6 60. Bf2 Be7 61. Bg3 Bf8 62. Bh2 Bh6 63. Bg1 Bf4 64. Bf2 Bd2 65. c5 d5
66. c6 Ba5 67. exd5+ Kxd5 68. c4+ 1/2-1/2

[Event "XXXI Torneo B di Capodanno"]
[Site "Reggio nell'Emilia ITA"]
[Date "1988.12.29"]
[Round "3"]
[White "Wagman, Stuart"]
[Black "Turci, Stefano"]
[Result "1/2-1/2"]
[WhiteElo "2215"]
[BlackElo "2225"]
[PlyCount "34"]
[EventDate "1988.12.27"]

1. e4 e5 2. Nf3 Nc6 3. Bb5 Nd4 4. Nxd4 exd4 5. O-O Ne7 6. c3 Nc6 7. cxd4 Nxd4
8. Nc3 Bc5 9. Qh5 Bb6 10. Bc4 O-O 11. d3 d6 12. Bg5 Qd7 13. h3 c6 14. Kh1 Bd8
15. a3 Bxg5 16. Qxg5 Qd8 17. Qxd8 Rxd8 1/2-1/2

[Event "XXXI Torneo B di Capodanno"]
[Site "Reggio nell'Emilia ITA"]
[Date "1988.12.30"]
[Round "4"]
[White "Caposciutti, Maurizio"]
[Black "Wagman, Stuart"]
[Result "1/2-1/2"]
[WhiteElo "2270"]
[BlackElo "2215"]
[PlyCount "55"]
[EventDate "1988.12.27"]

1. e4 e5 2. Nf3 Nc6 3. Bb5 a6 4. Ba4 Nf6 5. Bxc6 dxc6 6. d3 Nd7 7. O-O Be7 8.
Nbd2 O-O 9. Nc4 f6 10. Nh4 c5 11. Nf5 Nb8 12. Nxe7+ Qxe7 13. f4 exf4 14. Bxf4
Nc6 15. Ne3 Rf7 16. Nd5 Qd8 17. Be3 b6 18. Qf3 Ra7 19. Rae1 Ne5 20. Qg3 Ng6 21.
h4 c6 22. Nf4 Nxf4 23. Qxf4 h5 24. Qf2 Rab7 25. a3 a5 26. Rb1 Be6 27. Qg3 Bg4
28. Qf2 1/2-1/2

[Event "XXXI Torneo B di Capodanno"]
[Site "Reggio nell'Emilia ITA"]
[Date "1988.12.30"]
[Round "4"]
[White "Paoli, Enrico"]
[Black "Crisan, Alexandru"]
[Result "1-0"]
[WhiteElo "2220"]
[BlackElo "2305"]
[PlyCount "97"]
[EventDate "1988.12.27"]

1. e4 c5 2. Nf3 d6 3. d4 cxd4 4. Nxd4 Nf6 5. Nc3 a6 6. Bg5 e6 7. f4 Be7 8. Qf3
Qc7 9. O-O-O Nbd7 10. g4 h6 11. Bxf6 Bxf6 12. h4 g6 13. g5 Bg7 14. h5 Nf8 15.
gxh6 Bxh6 16. Kb1 Bd7 17. f5 gxf5 18. exf5 O-O-O 19. fxe6 fxe6 20. Bh3 Bg7 21.
Nce2 Qb6 22. c3 Kb8 23. Rhg1 Be5 24. Bg4 Rc8 25. Qh3 d5 26. Qe3 Bd6 27. Qd2 e5
28. Bxd7 Nxd7 29. Nf5 Bc5 30. Rg6 Nf6 31. Neg3 Rc6 32. Qe2 Re8 33. Ng7 Re7 34.
N7f5 Re8 35. Ng7 Re7 36. Qh2 Rec7 37. N3f5 Ne4 38. Rxc6 Rxc6 39. Qxe5+ Bd6 40.
Nxd6 Nxc3+ 41. Ka1 Nxd1 42. Nb5+ Kc8 43. Qf5+ Kb8 44. Qf4+ Kc8 45. Qf8+ Qd8 46.
Na7+ Kc7 47. Qxd8+ Kxd8 48. Nxc6+ bxc6 49. h6 1-0

[Event "XXXI Torneo B di Capodanno"]
[Site "Reggio nell'Emilia ITA"]
[Date "1988.12.30"]
[Round "4"]
[White "Turci, Stefano"]
[Black "Beil, Zdenek"]
[Result "1/2-1/2"]
[WhiteElo "2225"]
[BlackElo "2390"]
[PlyCount "69"]
[EventDate "1988.12.27"]

1. d4 g6 2. c4 Bg7 3. Nc3 Nf6 4. e4 d6 5. f3 O-O 6. Be3 e5 7. d5 c6 8. Qd2 cxd5
9. cxd5 a6 10. Bd3 Nbd7 11. Nge2 Ne8 12. O-O f5 13. exf5 gxf5 14. f4 e4 15. Bc2
Nb6 16. Bb3 Qc7 17. Na4 Nxa4 18. Bxa4 Bf6 19. Rac1 Qd8 20. Rc2 Bd7 21. Bxd7
Qxd7 22. Nd4 Ng7 23. Rfc1 Rac8 24. h3 h5 25. Qb4 Be7 26. Qb3 Kf7 27. a4 Rxc2
28. Qxc2 Bd8 29. Qc4 Re8 30. b3 Rg8 31. Rc2 Re8 32. Qe2 Kg6 33. Qc4 Kf7 34. Qe2
Kg6 35. Qc4 1/2-1/2

[Event "XXXI Torneo B di Capodanno"]
[Site "Reggio nell'Emilia ITA"]
[Date "1988.12.30"]
[Round "4"]
[White "Weindl, Alfred"]
[Black "Valenti, Giuseppe"]
[Result "1-0"]
[WhiteElo "2420"]
[BlackElo "2240"]
[PlyCount "49"]
[EventDate "1988.12.27"]

1. Nf3 Nf6 2. g3 b6 3. d3 Bb7 4. e4 d6 5. Bg2 e6 6. O-O Be7 7. Ne1 e5 8. f4 O-O
9. Nd2 Nbd7 10. Nc4 Re8 11. Bd2 Bf8 12. Ne3 g6 13. f5 Bg7 14. g4 c6 15. g5 Nh5
16. Qg4 d5 17. fxg6 hxg6 18. exd5 e4 19. Bxe4 Bxb2 20. dxc6 Ne5 21. cxb7 Nxg4
22. bxa8=Q Qxa8 23. Bxa8 Nxe3 24. Bxe3 Bxa1 25. Be4 1-0

[Event "XXXI Torneo B di Capodanno"]
[Site "Reggio nell'Emilia ITA"]
[Date "1988.12.31"]
[Round "5"]
[White "Anceschi, Vittorio"]
[Black "Paoli, Enrico"]
[Result "1-0"]
[WhiteElo "2295"]
[BlackElo "2220"]
[PlyCount "65"]
[EventDate "1988.12.27"]

1. e4 c5 2. Nf3 Nc6 3. d4 cxd4 4. Nxd4 Nf6 5. Nc3 d6 6. f4 Qb6 7. Nb3 e6 8. Qf3
a6 9. Be3 Qc7 10. g4 Be7 11. O-O-O O-O 12. Rg1 Rd8 13. g5 Nd7 14. h4 Nf8 15.
Qf2 Re8 16. Bb6 Qb8 17. h5 Bd8 18. Na4 Bxb6 19. Nxb6 Ra7 20. Qd2 Rd8 21. h6 g6
22. Bh3 Nd7 23. Qc3 e5 24. Nxc8 Qxc8 25. Rxd6 Nd4 26. Qxc8 Ne2+ 27. Kd2 Rxc8
28. Kxe2 Rxc2+ 29. Kd1 Rc7 30. Rxd7 Rxd7+ 31. Bxd7 Ra8 32. Ke2 exf4 33. Rc1 1-0

[Event "XXXI Torneo B di Capodanno"]
[Site "Reggio nell'Emilia ITA"]
[Date "1988.12.31"]
[Round "5"]
[White "Beil, Zdenek"]
[Black "Caposciutti, Maurizio"]
[Result "1-0"]
[WhiteElo "2390"]
[BlackElo "2270"]
[PlyCount "119"]
[EventDate "1988.12.27"]

1. d4 d5 2. Nf3 Nf6 3. c4 dxc4 4. e3 Bg4 5. Bxc4 e6 6. Nc3 a6 7. h3 Bh5 8. O-O
Nc6 9. Be2 Bd6 10. b3 O-O 11. Bb2 Qe7 12. Ne5 Bxe2 13. Nxc6 Bxd1 14. Nxe7+ Bxe7
15. Rfxd1 Rfd8 16. Rac1 Rd7 17. g4 Rad8 18. g5 Nd5 19. Ne4 c6 20. Kf1 Nc7 21.
Ke2 Nb5 22. a4 Nc7 23. Bc3 Nd5 24. Ba5 Rc8 25. Nc5 Bxc5 26. dxc5 e5 27. Kf3 f5
28. gxf6 Rf7 29. Rg1 Rxf6+ 30. Ke2 Rcf8 31. Be1 Rh6 32. Rg3 Re6 33. Rg5 h6 34.
Rg4 Rf7 35. Rd1 Rd7 36. Rb1 Kf7 37. b4 Nc7 38. Re4 Kf6 39. Bc3 Kf5 40. Rg4 g5
41. e4+ Kg6 42. h4 Rf7 43. hxg5 h5 44. Rgg1 Rf4 45. f3 Rf7 46. Rbd1 a5 47. Rd6
axb4 48. Bxe5 Rxd6 49. cxd6 Ne6 50. Ke3 c5 51. f4 Nxf4 52. Bxf4 c4 53. Rd1 Rd7
54. Rd4 h4 55. Rxc4 h3 56. Rxb4 Kh5 57. Kf3 Rf7 58. Rb2 Kh4 59. Rd2 Rd7 60. g6
1-0

[Event "XXXI Torneo B di Capodanno"]
[Site "Reggio nell'Emilia ITA"]
[Date "1988.12.31"]
[Round "5"]
[White "Crisan, Alexandru"]
[Black "Weindl, Alfred"]
[Result "1-0"]
[WhiteElo "2305"]
[BlackElo "2420"]
[PlyCount "71"]
[EventDate "1988.12.27"]

1. e4 Nc6 2. Nf3 e6 3. d4 d5 4. e5 Nge7 5. c3 Nf5 6. Bd3 Be7 7. Nbd2 Bd7 8. Nf1
Na5 9. Ne3 g6 10. Qe2 b6 11. Ng4 c5 12. dxc5 bxc5 13. Nf6+ Bxf6 14. exf6 c4 15.
Bc2 Qxf6 16. Bg5 Qg7 17. Ne5 h6 18. Bf4 Nc6 19. Nxd7 Kxd7 20. O-O-O Kc8 21. g4
Nfe7 22. Rhe1 Qf8 23. Qe3 Qd8 24. Bxh6 Qa5 25. Bg7 Rxh2 26. Qf4 Qc7 27. Qxf7
Nd8 28. Qf8 Rh7 29. Be5 Qa5 30. Qe8 Nec6 31. Bd6 d4 32. cxd4 c3 33. Bb3 Kb7 34.
d5 Rc8 35. dxc6+ Rxc6 36. Be5 1-0

[Event "XXXI Torneo B di Capodanno"]
[Site "Reggio nell'Emilia ITA"]
[Date "1988.12.31"]
[Round "5"]
[White "Pantaleoni, Claudio"]
[Black "Turci, Stefano"]
[Result "1/2-1/2"]
[WhiteElo "2255"]
[BlackElo "2225"]
[PlyCount "38"]
[EventDate "1988.12.27"]

1. d4 d5 2. Nf3 Nf6 3. c4 c6 4. Nc3 Qb6 5. e3 Bf5 6. Bd3 Bxd3 7. Qxd3 e6 8. O-O
Nbd7 9. e4 dxe4 10. Nxe4 Be7 11. b3 O-O 12. Bb2 Rad8 13. Qe2 Nxe4 14. Qxe4 Nf6
15. Qe2 c5 16. Rad1 cxd4 17. Bxd4 Qc7 18. Qb2 Rd7 19. Be5 Qc8 1/2-1/2

[Event "XXXI Torneo B di Capodanno"]
[Site "Reggio nell'Emilia ITA"]
[Date "1988.12.31"]
[Round "5"]
[White "Valenti, Giuseppe"]
[Black "Landenbergue, Claude"]
[Result "1-0"]
[WhiteElo "2240"]
[BlackElo "2325"]
[PlyCount "79"]
[EventDate "1988.12.27"]

1. e4 Nf6 2. e5 Nd5 3. d4 d6 4. Bc4 c6 5. Nf3 Bg4 6. O-O dxe5 7. dxe5 e6 8. Bb3
Nd7 9. Re1 Qc7 10. c4 Ne7 11. Nbd2 Ng6 12. h3 Bxf3 13. Nxf3 Bb4 14. Re4 O-O-O
15. Bg5 f6 16. exf6 gxf6 17. Bh6 e5 18. Nh4 f5 19. Nxf5 Nf6 20. Qf3 Nxe4 21.
Qxe4 Bd2 22. Bg7 Rhg8 23. Bf6 Rd7 24. c5 Rf8 25. Nd6+ Kb8 26. Qf5 Bb4 27. Be6
Rxd6 28. cxd6 Qxd6 29. g3 Bc5 30. Re1 Bd4 31. Kg2 Ne7 32. Qxe5 Bxe5 33. Bxe5
Kc7 34. Bxd6+ Kxd6 35. Bb3 Nf5 36. Re6+ Kd7 37. Re5 Kd6 38. Re6+ Kd7 39. Re4 c5
40. Rf4 1-0

[Event "XXXI Torneo B di Capodanno"]
[Site "Reggio nell'Emilia ITA"]
[Date "1988.12.31"]
[Round "5"]
[White "Wagman, Stuart"]
[Black "Bukal, Vladimir sr"]
[Result "0-1"]
[WhiteElo "2215"]
[BlackElo "2380"]
[PlyCount "56"]
[EventDate "1988.12.27"]

1. e4 e6 2. d4 d5 3. Nc3 Bb4 4. e5 c5 5. a3 Bxc3+ 6. bxc3 Ne7 7. Qg4 Nbc6 8.
Qxg7 Rg8 9. Qxh7 Qa5 10. Bd2 Qa4 11. Ne2 cxd4 12. f4 Bd7 13. Qd3 Nf5 14. h3 Na5
15. cxd4 Bb5 16. Qc3 Nc6 17. g4 Nfxd4 18. Nxd4 Nxd4 19. Bxb5+ Nxb5 20. Qb4 Qxb4
21. Bxb4 Rc8 22. Rh2 Rc4 23. Rf2 Rh8 24. O-O-O Rxh3 25. f5 a5 26. fxe6 fxe6 27.
Bxa5 Rxa3 28. Bb6 Nc3 0-1

[Event "XXXI Torneo B di Capodanno"]
[Site "Reggio nell'Emilia ITA"]
[Date "1989.01.01"]
[Round "6"]
[White "Bukal, Vladimir sr"]
[Black "Beil, Zdenek"]
[Result "1/2-1/2"]
[WhiteElo "2380"]
[BlackElo "2390"]
[PlyCount "22"]
[EventDate "1988.12.27"]

1. d4 d5 2. Nf3 Nf6 3. Bf4 Bf5 4. e3 e6 5. Bd3 Bxd3 6. Qxd3 c6 7. Qb3 Qb6 8.
Nbd2 Nbd7 9. O-O Be7 10. Ne5 Nxe5 11. Bxe5 Nd7 1/2-1/2

[Event "XXXI Torneo B di Capodanno"]
[Site "Reggio nell'Emilia ITA"]
[Date "1989.01.01"]
[Round "6"]
[White "Crisan, Alexandru"]
[Black "Anceschi, Vittorio"]
[Result "1/2-1/2"]
[WhiteElo "2305"]
[BlackElo "2295"]
[PlyCount "158"]
[EventDate "1988.12.27"]

1. e4 c5 2. Nf3 Nf6 3. Nc3 Nc6 4. d4 d5 5. exd5 Nxd5 6. dxc5 Nxc3 7. Qxd8+ Kxd8
8. bxc3 f6 9. Be3 e5 10. Bc4 Kc7 11. O-O-O Bg4 12. h3 Bxf3 13. gxf3 Be7 14. f4
Rad8 15. Bd5 exf4 16. Bxf4+ Ne5 17. Rhg1 g6 18. Be3 Nd7 19. Bf4+ Ne5 20. Be3
Nd7 21. Rge1 Bxc5 22. Bxc5 Nxc5 23. Re7+ Rd7 24. Rxd7+ Nxd7 25. Bxb7 Re8 26.
Bf3 Re5 27. Rd4 Rc5 28. Kd2 Ne5 29. Bd5 g5 30. c4 Ra5 31. f4 Nc6 32. Re4 Rxa2
33. Bxc6 Kxc6 34. Re6+ Kc5 35. Rxf6 Ra3 36. c3 Ra2+ 37. Kd3 Rh2 38. Rf5+ Kb6
39. fxg5 Rxh3+ 40. Kd4 Rg3 41. Rf6+ Kc7 42. Rf7+ Kc6 43. Rf6+ Kc7 44. Rf5 Kc6
45. Rc5+ Kd6 46. Rd5+ Kc6 47. Rf5 Rg4+ 48. Kd3 Kb6 49. Re5 a5 50. Re6+ Kb7 51.
Re7+ Kb6 52. Re6+ Kb7 53. Re7+ Kb6 54. Rxh7 Rxg5 55. Kc2 Kc5 56. Rc7+ Kb6 57.
Rc8 Rc5 58. Rb8+ Kc7 59. Rb5 Rxc4 60. Rxa5 Kc6 61. Kb3 Rh4 62. Ra6+ Kc5 63. Rg6
Rf4 64. Rg5+ Kc6 65. c4 Rh4 66. Kb4 Rh6 67. Rc5+ Kb6 68. Rb5+ Kc6 69. Ra5 Rh1
70. Ra6+ Kb7 71. Rg6 Rh5 72. Rg7+ Kc6 73. Rg4 Kc7 74. Kc3 Kc6 75. Kd4 Rf5 76.
Rg6+ Kc7 77. c5 Rf4+ 78. Kd5 Rf5+ 79. Kc4 Rf1 1/2-1/2

[Event "XXXI Torneo B di Capodanno"]
[Site "Reggio nell'Emilia ITA"]
[Date "1989.01.01"]
[Round "6"]
[White "Weindl, Alfred"]
[Black "Landenbergue, Claude"]
[Result "1/2-1/2"]
[WhiteElo "2420"]
[BlackElo "2325"]
[PlyCount "26"]
[EventDate "1988.12.27"]

1. e4 c6 2. d4 d5 3. exd5 cxd5 4. c4 Nf6 5. Nc3 Nc6 6. Nf3 e6 7. Be2 Be7 8. O-O
O-O 9. Bf4 dxc4 10. Bxc4 Nd5 11. Bg3 a6 12. Rc1 Nxc3 13. bxc3 b5 1/2-1/2

[Event "XXXI Torneo B di Capodanno"]
[Site "Reggio nell'Emilia ITA"]
[Date "1989.01.02"]
[Round "7"]
[White "Anceschi, Vittorio"]
[Black "Weindl, Alfred"]
[Result "0-1"]
[WhiteElo "2295"]
[BlackElo "2420"]
[PlyCount "84"]
[EventDate "1988.12.27"]

1. e4 c5 2. Nf3 Nc6 3. d4 cxd4 4. Nxd4 Nf6 5. Nc3 d6 6. f4 e6 7. Be3 Be7 8. Qf3
a6 9. O-O-O Qc7 10. Rg1 O-O 11. g4 Nxd4 12. Rxd4 b5 13. g5 Nd7 14. Qh5 Re8 15.
f5 g6 16. Qh3 Ne5 17. f6 Bf8 18. Qg3 Rb8 19. a3 Nc6 20. Rb4 Nxb4 21. axb4 Bb7
22. h4 Rbc8 23. Bd3 d5 24. e5 Bxb4 25. Ne2 d4 26. Nxd4 Qa5 27. Kd1 Qa1+ 28. Bc1
Red8 29. Qf4 Qb1 30. Ke2 Rxd4 31. Qxd4 Bc5 32. Qd7 Bxg1 33. Qxb7 Rf8 34. Bf4
Qxb2 35. h5 Qd4 36. hxg6 Qxf4 37. gxf7+ Kh8 38. g6 hxg6 39. Kd1 Qxe5 40. Qg2
Qh5+ 41. Ke1 Bd4 42. Bxg6 Bc3+ 0-1

[Event "XXXI Torneo B di Capodanno"]
[Site "Reggio nell'Emilia ITA"]
[Date "1989.01.02"]
[Round "7"]
[White "Beil, Zdenek"]
[Black "Paoli, Enrico"]
[Result "1/2-1/2"]
[WhiteElo "2390"]
[BlackElo "2220"]
[PlyCount "22"]
[EventDate "1988.12.27"]

1. d4 d5 2. c4 c6 3. Nf3 Nf6 4. Nc3 e6 5. cxd5 cxd5 6. Bf4 Nc6 7. e3 Be7 8. h3
O-O 9. Bd3 a6 10. O-O b5 11. Rc1 Bb7 1/2-1/2

[Event "XXXI Torneo B di Capodanno"]
[Site "Reggio nell'Emilia ITA"]
[Date "1989.01.02"]
[Round "7"]
[White "Landenbergue, Claude"]
[Black "Turci, Stefano"]
[Result "1-0"]
[WhiteElo "2325"]
[BlackElo "2225"]
[PlyCount "116"]
[EventDate "1988.12.27"]

1. c4 e5 2. Nc3 f5 3. g3 Nf6 4. Bg2 Be7 5. d3 d6 6. Nf3 O-O 7. O-O Qe8 8. c5
Nc6 9. cxd6 cxd6 10. b4 Kh8 11. Rb1 Qh5 12. b5 Nd8 13. Bg5 f4 14. Bxf6 Bxf6 15.
Nd5 Bh3 16. Qa4 Ne6 17. Qb4 Rac8 18. Qxd6 Rc2 19. Nxf6 gxf6 20. Rfe1 fxg3 21.
fxg3 Qh6 22. Bxh3 Qxh3 23. Rb4 Rc7 24. b6 Rc6 25. Qd7 Rxb6 26. Rxb6 axb6 27.
Qxb7 Rg8 28. Qxb6 Rg6 29. Rc1 Kg7 30. Qb7+ Kh6 31. Qc8 f5 32. Rc4 Nf4 33. Qf8+
Kh5 34. Rxf4 exf4 35. Qh8 Kh6 36. Qf8+ Kh5 37. Qf7 Kh6 38. Nh4 fxg3 39. Nxf5+
Kg5 40. Nxg3 h5 41. Qc7 Kh6 42. Qf4+ Kh7 43. Kh1 Qd7 44. Qf3 h4 45. Nf5 Kg8 46.
Qa8+ Kh7 47. Qe4 Kh8 48. Qxh4+ Kg8 49. Ne7+ Kf7 50. Nxg6 Kxg6 51. h3 Qd6 52.
Kg2 Qa3 53. Qg4+ Kf6 54. h4 Qxa2 55. h5 Qa7 56. h6 Qh7 57. Qg7+ Qxg7+ 58. hxg7
Kxg7 1-0